Dos españoles del Siglo de Oro (Record no. 23233)

MARC details
000 -LEADER
campo de control de longitud fija 01019nam a2200253 i 4500
001 - NÚMERO DE CONTROL
campo de control 23233
003 - IDENTIFICADOR DE NÚMERO DE CONTROL
campo de control ES-MaACL
005 - FECHA Y HORA DE LA ÚLTIMA TRANSACCIÓN
campo de control 20240509110821.0
007 - CAMPO FIJO DE DESCRIPCIÓN FÍSICA--INFORMACIÓN GENERAL
campo de control de longitud fija t|
008 - DATOS DE LONGITUD FIJA--INFORMACIÓN GENERAL
campo de control de longitud fija 021209s1960 sp |||| |dspa d
080 ## - NÚMERO DE LA CLASIFICACIÓN DECIMAL UNIVERSAL
Número de la Clasificación Decimal Universal 929 Hurtado de Mendoza, Juan
080 ## - NÚMERO DE LA CLASIFICACIÓN DECIMAL UNIVERSAL
Número de la Clasificación Decimal Universal 929 Tello de Guzmán, Alonso
100 1# - ENTRADA PRINCIPAL--NOMBRE DE PERSONA
Nombre de persona Alonso, Dámaso,
Fechas asociadas al nombre 1898-1990
9 (RLIN) 20195
245 10 - MENCIÓN DEL TÍTULO
Título Dos españoles del Siglo de Oro
Resto del título : un poeta madrileñista, latinista y francesista en la mitad del siglo XVI. El Fabio de la "Epístola Moral" : su cara y su cruz en Méjico y en España /
Mención de responsabilidad, etc. Dámaso Alonso.
260 ## - PUBLICACIÓN, DISTRIBUCIÓN, ETC.
Lugar de publicación, distribución, etc. Madrid :
Nombre del editor, distribuidor, etc. Gredos,
Fecha de publicación, distribución, etc. [1960]
300 ## - DESCRIPCIÓN FÍSICA
Extensión 257 p. ;
Dimensiones 19 cm.
490 1# - MENCIÓN DE SERIE
Mención de serie Biblioteca románica hispánica ;
Designación de volumen o secuencia II.
Mención de serie Estudios y ensayos ;
Designación de volumen o secuencia 45
600 14 - PUNTO DE ACCESO ADICIONAL DE MATERIA--NOMBRE DE PERSONA
Nombre de persona Hurtado de Mendoza, Juan.
9 (RLIN) 64792
600 14 - PUNTO DE ACCESO ADICIONAL DE MATERIA--NOMBRE DE PERSONA
Nombre de persona Tello de Guzmán, Alonso.
9 (RLIN) 156762
740 32 - ENTRADA AGREGADA--TÍTULO RELACIONADO/ANALÍTICO NO CONTROLADO
Título relacionado o analítico no controlado El Fabio de la "Epístola Moral"
830 0# - PUNTO DE ACCESO ADICIONAL DE SERIE-TÍTULO UNIFORME
Título uniforme Biblioteca románica hispánica. II. Estudios y ensayos
Designación de volumen o secuencia II.
-- 45
9 (RLIN) 178108
852 ## - LOCALIZACIÓN
Ubicación ES-MaACL
Número de control de estantería C-19095
Holdings
Estatus retirado Estado de pérdida Estado de daño No para préstamo Biblioteca de origen Biblioteca actual Ubicación en estantería Fecha de adquisición Fuente de adquisición Total de préstamos Signatura topográfica completa Código de barras Visto por última vez Precio de reemplazo Tipo de ítem Koha
        Biblioteca del Ateneo de Madrid Biblioteca del Ateneo de Madrid Galería 17/01/2008     C-19095 1023937 23/02/2023 23/02/2023 Libro impreso